000 00746nam a22002177a 4500
003 OSt
005 20250221170338.0
008 230926b ||||| |||| 00| 0 eng d
040 _c0
082 _aDPer 379.1 J826 Winter - Spring 2020 v. 45 n. 3-4
100 _aGeier, Brett A.
_eauthor.
_949202
245 _aMichigan /
_cBrett A. Geier.
260 _aUnited States ;
_bUniversity of Illinois Press and Johns Hopkins University Press,
_cWinter 2020.
300 _avolume 45, pages 318-320.
500 _aJournal of Education Finance, v. 45 n. 3, pages 318-320, Winter 2020.
650 _aFinance.
_949203
650 _aBudget.
_949204
650 _aEducation.
_949205
700 _aGeier, Brett A.
_eauthor.
_949202
942 _2ddc
_cPER
999 _c18236
_d18236